000 00508nam a22001817a 4500
005 20140310183649.0
008 140110b xxu||||| |||| 00| 0 eng d
020 _a097981471129
050 _aRC 45
_b.B983 2004
100 _aButcher, James N.
245 _aAbnormal psychology /
_cJames N. Butcher.
260 _aSingapore :
_bPearson Education South Asia Pte Ltd.,
_c2004.
300 _a622 p. ;
_bill. ;
_c26 cm.
521 _aPSYCH
650 _aPsychology
942 _2lcc
_cBK
_kFOR
999 _c26022
_d26022